বাংলাদেশের সমষ্টি- উন্নয়ন ও পল্লী পুর্নগঠন / (Record no. 44960)
[ view plain ]
| 000 -LEADER | |
|---|---|
| fixed length control field | 01130nam a2200265 a 4500 |
| 001 - CONTROL NUMBER | |
| control field | 44960 |
| 003 - CONTROL NUMBER IDENTIFIER | |
| rucl marc code | BD-RjUL |
| 005 - DATE AND TIME OF LATEST TRANSACTION | |
| control field | 20211209053937.0 |
| 008 - FIXED-LENGTH DATA ELEMENTS--GENERAL INFORMATION | |
| fixed length control field | 160721s1976 bg |||| b||| 000 0 ben d |
| 035 ## - SYSTEM CONTROL NUMBER | |
| System control number | (BD-RjUL)45078 |
| 040 ## - CATALOGING SOURCE | |
| Original cataloging agency | BD-RjUL |
| Language of cataloging | ben |
| Transcribing agency | BD-RjUL |
| 041 ## - LANGUAGE CODE | |
| Language code of text/sound track or separate title | ben |
| 082 ## - DEWEY DECIMAL CLASSIFICATION NUMBER | |
| Edition number | 23 |
| Classification number | 330.95492 |
| Author mark and year | SAB 1976 |
| 100 10 - MAIN ENTRY--PERSONAL NAME | |
| Personal name | সাদেক, মোহাম্মদ |
| 9 (RLIN) | 124876 |
| 245 10 - TITLE STATEMENT | |
| Title | বাংলাদেশের সমষ্টি- উন্নয়ন ও পল্লী পুর্নগঠন / |
| Statement of responsibility, etc. | মোহাম্মদ সাদেক , আবদুল হালিম |
| 260 ## - PUBLICATION, DISTRIBUTION, ETC. (IMPRINT) | |
| Place of publication, distribution, etc. | ঢাকা : |
| Name of publisher, distributor, etc. | বাংলা একাডেমী, |
| Date of publication, distribution, etc. | ১৯৭৬ |
| 300 ## - PHYSICAL DESCRIPTION | |
| Pagination | ২৫৩ পৃ. ; |
| Size | ২০ সেমি. |
| 490 ## - SERIES STATEMENT | |
| Series statement | বাএ ; |
| Volume/sequential designation | ৭৫৬ |
| 504 ## - BIBLIOGRAPHY, ETC. NOTE | |
| Bibliography, etc | তথ্য নির্দেশনা |
| 650 ## - SUBJECT ADDED ENTRY--TOPICAL TERM | |
| Topical term or geographic name as entry element | অর্থনৈতিক অবস্থা |
| Geographic subdivision | বাংলাদেশ |
| 9 (RLIN) | 122999 |
| Topical term or geographic name as entry element | Economy Condition |
| Geographic subdivision | Bangladesh |
| 9 (RLIN) | 137791 |
| 700 ## - ADDED ENTRY--PERSONAL NAME | |
| Personal name | হালিম, আবদুল, যুগ্ম লেখক |
| 830 ## - SERIES ADDED ENTRY--UNIFORM TITLE | |
| Uniform title | বাএ ; |
| Volume number/sequential designation | ৭৫৬ |
| 942 ## - ADDED ENTRY ELEMENTS (KOHA) | |
| Source of classification or shelving scheme | Dewey Decimal Classification |
| Koha item type | Books |
| Lost status | Source of classification or shelving scheme | Damaged status | Not for loan | Collection code | Permanent Location | Current Location | Shelving location | Date acquired | Source of acquisition | Cost, normal purchase price | Total Checkouts | Full call number | Date last seen | Copy number | Koha item type |
|---|---|---|---|---|---|---|---|---|---|---|---|---|---|---|---|
| Dewey Decimal Classification | Non-fiction | Central Library, University of Rajshahi | Central Library, University of Rajshahi | 29/06/1977 | Rajshahi Urekabooks agency | 18.00 | B 330.95492 SAB 1976 | 21/07/2016 | C-2 | Books | |||||
| Dewey Decimal Classification | Non-fiction | Central Library, University of Rajshahi | Central Library, University of Rajshahi | 26/06/1978 | Eureka Book Agency, Rajshahi | 18.00 | B 330.95492 SAB 1976 | 21/07/2016 | C-3 | Books | |||||
| Dewey Decimal Classification | Not For Loan | Non-fiction | Central Library, University of Rajshahi | Central Library, University of Rajshahi | Reading Room | 27/09/1998 | RULC | 18.00 | B 330.95492 SAB 1976 | 17/08/2016 | C-1 | Books | |||
| Dewey Decimal Classification | Non-fiction | Central Library, University of Rajshahi | Central Library, University of Rajshahi | 26/06/1978 | Eureka Book Agency, Rajshahi | 18.00 | B 330.95492 SAB 1976 | 29/12/2016 | C-4 | Books | |||||
| Dewey Decimal Classification | Non-fiction | Central Library, University of Rajshahi | Central Library, University of Rajshahi | 29/06/1977 | Euraka Book Agency, Rajshahi. | B 330.95492 SAB 1976 | 11/10/2021 | C-5 | Books | ||||||
| Dewey Decimal Classification | Non-fiction | Central Library, University of Rajshahi | Central Library, University of Rajshahi | General Stacks | 17/06/1982 | Aligore Library | 18.00 | B 330.95492 SAB 1976 | 03/11/2022 | C-6 | Books |